[Event "Fyli op 4th"]
[Site "Fyli"]
[Date "2012.04.07"]
[Round "3"]
[White "Tsoukaraki, Athina"]
[Black "Hasalevris, Dionisios"]
[Result "1-0"]
[WhiteElo "1467"]
[BlackElo "1490"]
[PlyCount "91"]
[EventDate "2012.03.24"]
[EventType "swiss"]
[EventRounds "7"]
[EventCountry "GRE"]
[SourceTitle "EXT 2013"]
[Source "ChessBase"]
[SourceDate "2012.11.22"]
[SourceVersion "1"]
[SourceVersionDate "2012.11.22"]
[SourceQuality "1"]

1. e4 e5 2. Nf3 Nc6 3. Nc3 Bb4 4. Bc4 Bxc3 5. dxc3 d6 6. 0-0 Be6 7. Bxe6 fxe6 8. Qd3 h6 9. Be3 Nf6 10. Qc4 Qe7 11. Rad1 0-0-0 12. b4 Ng4 13. Rfe1 Nxe3 14. Rxe3 a6 15. a4 g5 16. Qb3 Na7 17. c4 g4 18. Ne1 h5 19. b5 a5 20. b6 Nc6 21. Qb5 h4 22. bxc7 Qxc7 23. Rb1 Nd4 24. Qb6 Qxb6 25. Rxb6 Kc7 26. Rb2 Rdg8 27. c3 Nc6 28. Nd3 h3 29. g3 Rf8 30. c5 d5 31. exd5 exd5 32. Nxe5 Re8 33. Nxg4 Rxe3 34. Nxe3 Ne7 35. Rb5 Ng6 36. Nxd5+ Kc6 37. c4 Re8 38. Rb6+ Kxc5 39. Rb5+ Kxc4 40. Ne3+ Kd3 41. Rxb7 Re4 42. Rb3+ Ke2 43. Rb2+ Kf3 44. Ra2 Ne5 45. Nf1 Nd3 46. Nd2+ 1-0